Größte Nickelexporteure auf der Welt - Statistiken

Allgemein
  • Dieses Quiz wurde 33 mal gespielt
  • Das Durchschnittsergebnis liegt bei 5 aus 10
Antwortstatistiken
Exporte (in Mio. €) Land Weltmarktanteil % Korrekt
188 USA 7,7%
100%
114 Kanada 4,7%
90%
164 Australien 6,7%
87%
532 Indonesien 21,8%
57%
366 Frankreich 15,0%
43%
388 Philippinen 15,9%
33%
183 Finnland 7,5%
27%
72 Belgien 3,0%
20%
33 Guatemala 1,4%
17%
334 Simbabwe 13,7%
7%
Keine übereinstimmenden Quizze gefunden
Verteilung der Resultate
Anzahl Personen mit jedem Resultat
Perzentil nach korrekt beantworteten Fragen
Ihre Resultats-Entwicklung
Sie haben dieses Quiz noch nicht gespielt